Pricipy ovladenija reč'ju pri izučenii russkogo jazyka Slavjanami v svete učenija L. P. Fedorenko
Príspevok sa zaoberá zásadami osvojovania si reči, ktoré opísal známy metodik L. P. Fedorenko, z hľadiska výučby ruského jazyka pre zahraničných študentov.
Saved in:
| Main Author: | |
|---|---|
| Format: | Book Chapter |
| Language: | Russian |
| Subjects: | |
| Tags: |
No Tags, Be the first to tag this record!
|
MARC
| LEADER | 00000naa$a2200000$$$4500 | ||
|---|---|---|---|
| 001 | 0307955 | ||
| 005 | 20250410132405.7 | ||
| 041 | 0 | |a rus | |
| 044 | |a RU | ||
| 245 | 1 | 0 | |a Pricipy ovladenija reč'ju pri izučenii russkogo jazyka Slavjanami v svete učenija L. P. Fedorenko |c Elena Markova |
| 520 | |a Príspevok sa zaoberá zásadami osvojovania si reči, ktoré opísal známy metodik L. P. Fedorenko, z hľadiska výučby ruského jazyka pre zahraničných študentov. | ||
| 610 | 2 | 0 | |a jazyky cudzie |
| 610 | 2 | 0 | |a jazyk odborný |
| 610 | 2 | 0 | |a ruština |
| 610 | 2 | 0 | |a vzdelávanie |
| 610 | 2 | 0 | |a komunikácia interkultúrna |
| 610 | 2 | 0 | |a komunikácia verbálna |
| 100 | 1 | |a Markova, Elena, 1960- | |